[Event "FRA-ch U12 Girls"]
[Site "Montlucon"]
[Date "2011.04.18"]
[Round "2"]
[White "Lardjane, Indya"]
[Black "Afraoui, Anaelle"]
[Result "0-1"]
[WhiteElo "1350"]
[BlackElo "1503"]
[PlyCount "108"]
[EventDate "2011.04.17"]
[EventType "swiss"]
[EventRounds "9"]
[EventCountry "FRA"]
[SourceTitle "CBM 142 Extra"]
[Source "ChessBase"]
[SourceDate "2011.06.27"]
[SourceVersion "1"]
[SourceVersionDate "2011.06.27"]
[SourceQuality "1"]

1. e4 c5 2. Nf3 e6 3. Nc3 a6 4. Bc4 b5 5. Be2 Qc7 6. d4 cxd4 7. Nxd4 Nc6 8. Nxc6 Qxc6 9. 0-0 Bb4 10. Bd2 Ne7 11. Bf3 Bb7 12. e5 Qc8 13. Ne4 Bxd2 14. Nd6+ Kd8 15. Nxc8 Rxc8 16. Qxd2 Bxf3 17. gxf3 Nc6 18. Qg5+ Kc7 19. Qxg7 Rhg8 20. Qxg8 Rxg8+ 21. Kh1 Nxe5 22. Rg1 Rg6 23. Rxg6 hxg6 24. Kg2 Kc6 25. Re1 Nc4 26. b3 Nb6 27. c4 bxc4 28. Rc1 d5 29. a4 a5 30. h4 Kc5 31. bxc4 dxc4 32. f4 Nxa4 33. f5 exf5 34. Rd1 c3 35. Rd7 Kb4 36. Rd4+ Kb3 37. Rd6 c2 38. Rc6 Nc3 39. Rb6+ Ka4 40. Rb7 c1Q 41. Rxf7 Qf4 42. Re7 Qg4+ 43. Kf1 Qxh4 44. f3 g5 45. Kg2 g4 46. fxg4 Qxg4+ 47. Kf2 f4 48. Ke1 Qh4+ 49. Kd2 Qxe7 50. Kxc3 Qe4 51. Kb2 Kb4 52. Ka2 Qe2+ 53. Ka1 Kb3 54. Kb1 Qb2# 0-1

[Event "FRA-ch U08"]
[Site "La Roche sur Yon"]
[Date "2008.04.23"]
[Round "1"]
[White "Lardjane, Indya"]
[Black "Berriat, Diane"]
[Result "1-0"]
[WhiteElo "1280"]
[BlackElo "1009"]
[PlyCount "45"]
[EventDate "2008.04.23"]
[EventType "swiss"]
[EventRounds "9"]
[EventCountry "FRA"]
[SourceTitle "EXT 2010"]
[Source "ChessBase"]
[SourceDate "2010.11.25"]
[SourceVersion "1"]
[SourceVersionDate "2010.11.25"]
[SourceQuality "1"]

1. d4 d5 2. Nc3 Nf6 3. Nf3 Nc6 4. Bg5 e6 5. e3 Bb4 6. Bb5 Bd7 7. Bxc6 Bxc6 8. Bxf6 Qxf6 9. 0-0 0-0 10. a3 Bxc3 11. bxc3 Ba4 12. Rb1 Qf5 13. Ne1 Rad8 14. Rxb7 Rd6 15. Rxa7 Rc6 16. Rxa4 Rxc3 17. Qd2 Rc6 18. c3 f6 19. h3 e5 20. dxe5 fxe5 21. Qxd5+ Kh8 22. Qxc6 Qg5 23. Nf3 1-0

[Event "FRA-ch U08"]
[Site "La Roche sur Yon"]
[Date "2008.04.23"]
[Round "2"]
[White "Menage, Mickaella"]
[Black "Lardjane, Indya"]
[Result "0-1"]
[WhiteElo "1010"]
[BlackElo "1280"]
[PlyCount "50"]
[EventDate "2008.04.23"]
[EventType "swiss"]
[EventRounds "9"]
[EventCountry "FRA"]
[SourceTitle "EXT 2010"]
[Source "ChessBase"]
[SourceDate "2010.11.25"]
[SourceVersion "1"]
[SourceVersionDate "2010.11.25"]
[SourceQuality "1"]

1. d4 d5 2. Nc3 Nf6 3. e3 Bg4 4. f3 Bh5 5. Bb5+ c6 6. Ba4 b5 7. Bb3 Nbd7 8. g4 Bg6 9. a4 bxa4 10. Rxa4 Nb6 11. Rb4 e6 12. g5 Nh5 13. Nge2 Bxb4 14. Kf2 Bxc3 15. Nxc3 0-0 16. Qg1 Nc4 17. Bxc4 dxc4 18. b4 cxb3 19. cxb3 a5 20. Ba3 Re8 21. b4 axb4 22. Bxb4 Qb6 23. Qg4 Qxb4 24. Ne4 Qb2+ 25. Kf1 Ra1# 0-1